|
|
|
|
| LEADER |
00585cam a2200169ua 4500 |
| 008 |
101116t2008||||||||||| 00 ||||| c |
| 082 |
|
|
|a 332.12
|b SUR/B
|
| 245 |
1 |
0 |
|a Banking reforms in India: an evaluative study of the performance of commercial banks /
|
| 260 |
|
|
|a New Delhi:
|b Regal,
|c 2008.
|
| 300 |
|
|
|a 412p..
|
| 362 |
1 |
|
|a 2008.
|
| 650 |
|
|
|a Banks and banking-India
|
| 650 |
0 |
|
|a Economics
|
| 700 |
0 |
2 |
|a Suryachandra Rao,, D.
|
| 942 |
|
|
|c BK
|
| 999 |
|
|
|c 24008
|d 24008
|
| 952 |
|
|
|0 0
|1 0
|4 0
|6 332_120000000000000_SUR
|7 0
|9 25539
|a KUCL
|b KUCL
|d 2014-05-23
|l 0
|o 332.12 SUR/
|p 24468
|r 2014-05-23
|w 2014-05-23
|y BK
|